Karl Marx: his life and thought

Đã lưu trong:
Chi tiết về thư mục
Tác giả chính: McLellan, David
Định dạng: Texto
Được phát hành: Frogmore: Granada Publishing
Các nhãn: Thêm thẻ
Không có thẻ, Là người đầu tiên thẻ bản ghi này!

MARC

LEADER 00000 a a2200000 04500
001 24677
003
040
020 |a 586-08201-8  
090 |a 173000  
100 |a McLellan, David  
245 |a Karl Marx: his life and thought  
260 |a Frogmore:   |b Granada Publishing  
300 |a 498 p   |b il.  
999 |c 1160  |d 1160